000 00438nam a22001337a 4500
082 _a297.124
_bANN
_cL-31,ii,P-12
100 _aAbu Zakria Yahya Bin Sharaf Al-Dimishqi
_938517
245 _aSharah Arbaeen e Navavi
_cAbu Zakria Yahya Bin Sharaf Al-Dimishq i, Porf. Saeed Mujtaba Saeedi
260 _aKarachi. :
_bDar us Salam.
300 _a240 p.
526 _a0
_b0
_c0
_d297_124000000000000_ANN
650 _aMCE.
_9379
942 _2ddc
_cBK
999 _c543137
_d543137